Pittsburgh Steelers Players' Colleges - Statistics

General Stats
  • This quiz has been taken 211 times
  • The average score is 29 of 52
Answer Stats
Player College % Correct
Juju Smith-Schuster USC
93%
Zach Banner USC
93%
Isaiah Buggs Alabama
90%
Mark Barron Alabama
90%
Minkah Fitzpatrick Alabama
90%
Zach Gentry Michigan
90%
Devin Bush Michigan
90%
TJ Watt Wisconsin
89%
Nick Vannett Ohio State
88%
Cameron Heyward Ohio State
88%
Mason Rudolph Oklahoma State
87%
James Washington Oklahoma State
87%
Maurkice Pouncey Florida
85%
Fred Johnson Florida
85%
Joe Haden Florida
85%
James Conner Pittsburgh
83%
Benny Snell Jr Kentucky
75%
Bud Dupree Kentucky
75%
Anthony Chickillo Miami
71%
Artie Burns Miami
71%
Diontae Johnson Toledo
66%
Olasunkanmi Adeniyi Toledo
66%
Jayrone Elliott Toledo
66%
Alejandro Villanueva Army
65%
Justin Layne Michigan State
65%
Terrell Edmunds Virginia Tech
61%
Vince Williams Florida State
60%
Stephon Tuitt Notre Dame
57%
David DeCastro Stanford
53%
Ramon Foster Tennessee
52%
Dan McCullers Tennessee
52%
Cameron Sutton Tennessee
52%
Jaylen Samuels NC State
50%
Vance McDonald Rice
47%
Chris Boswell Rice
47%
Ryan Switzer UNC
45%
Devlin Hodges Samford
37%
Steven Nelson Oregon State
34%
Donte Moncrief Ole Miss
30%
Mike Hilton Ole Miss
30%
Tyler Matakevich Temple
29%
Chukwuma Okorafor Western Michigan
29%
Tyson Alualu California
21%
BJ Finney Kansas State
20%
Ulysses Gilbert III Akron
17%
Johnny Holton Cincinnati
14%
Matt Feiler Bloomsburg
11%
Kameron Kelly San Diego State
9%
Javon Hargrave SC State
9%
Jordan Berry Eastern Kentucky
6%
Jordan Dangerfield Towson
6%
Kameron Canaday Portland State
4%
No matching quizzes found
Score Distribution
Percent of People with Each Score
Percentile by Number Answered
Your Score History
You have not taken this quiz